Recientes reformas fiscales en América Latina (Registro nro. 13047)

Detalles MARC
000 -LEADER
fixed length control field 00326 a2200109 4500
001 - CONTROL NUMBER
control field ART_7799
005 - DATE AND TIME OF LATEST TRANSACTION
control field 20260410161638.0
008 - FIXED-LENGTH DATA ELEMENTS--GENERAL INFORMATION
fixed length control field 260409a
100 1# - MAIN ENTRY--PERSONAL NAME
Personal name Edelstein, Andrés M.
245 10 - TITLE STATEMENT
Title Recientes reformas fiscales en América Latina
773 0# - HOST ITEM ENTRY
Title Consultor tributario
Related parts - Nº 11 (ene. 2008)
Record control number REV474

No hay ítems disponibles.